Every Chelsea Player of the Year - Statistics

General Stats
  • This quiz has been taken 207 times
    154 since last reset
  • The average score is 23 of 57
Answer Stats
Year Player % Correct
2014 Eden Hazard
97%
2015 Eden Hazard
97%
2017 Eden Hazard
97%
2019 Eden Hazard
97%
2004 Frank Lampard
97%
2005 Frank Lampard
97%
2009 Frank Lampard
97%
2010 Didier Drogba
92%
2001 John Terry
90%
2006 John Terry
90%
2021 Mason Mount
80%
2022 Mason Mount
80%
2018 N'Golo Kante
77%
2011 Petr Cech
74%
1999 Gianfranco Zola
73%
2003 Gianfranco Zola
73%
2008 Joe Cole
67%
2016 Willian
64%
2023 Thiago Silva
63%
2012 Juan Mata
60%
2013 Juan Mata
60%
2007 Michael Essien
53%
2020 Mateo Kovacic
44%
1998 Dennis Wise
43%
2000 Dennis Wise
43%
1973 Peter Osgood
40%
1996 Ruud Gullit
40%
1997 Mark Hughes
31%
2002 Carlo Cudicini
25%
1994 Steve Clarke
20%
1976 Ray Wilkins
16%
1977 Ray Wilkins
16%
1967 Peter Bonetti
15%
1995 Erland Johnsen
12%
1969 David Webb
11%
1972 David Webb
11%
1993 Frank Sinclair
11%
1991 Andy Townsend
10%
1968 Charlie Cooke
10%
1975 Charlie Cooke
10%
1983 Joey Jones
10%
1970 John Hollins
9%
1971 John Hollins
9%
1984 Pat Nevin
9%
1987 Pat Nevin
9%
1985 David Speedie
7%
1980 Clive Walker
6%
1989 Graham Roberts
6%
1978 Micky Droy
6%
1979 Tommy Langley
6%
1982 Mike Fillery
5%
1992 Paul Elliot
5%
1981 Petar Borota
4%
1986 Eddie Niedzwiecki
3%
1974 Gary Locke
3%
1990 Ken Monkou
3%
1988 Tony Dorigo
3%
No matching quizzes found
Score Distribution
Percent of People with Each Score
Percentile by Number Answered
Your Score History
You have not taken this quiz since the last reset